Statistics for 重複した漢字を含む日本の駅名

Click here to take the quiz!

General Stats

  • This quiz has been taken 211 times
  • The average score is 14 of 48

Answer Stats

会社都道府県ヒント答え% Correct
三セク岩手●▲●▲吉里吉里
60%
地下鉄東京●○●西葛西
52%
三セク東京○○●▲・○○●▲中央大学・明星大学
51%
三セク熊本○○○●○○○○○○○●○○南阿蘇水の生まれる里白水高原
49%
公営東京●○○○○●西新井大師西
49%
JR富山○●●○越中中川
46%
私鉄奈良●○○●○大和西大寺
45%
JR愛知●○●○三河三谷
43%
私鉄千葉○●●○京成成田
43%
JR鹿児島●○●志布志
43%
JR福岡○●●○筑前前原
41%
私鉄富山○●●○越中中島
39%
JR大分●○●○○大分大学前
37%
JR山形○●●○羽前前波
35%
私鉄富山○●●○越中中村
34%
JR/三セク福岡●○○●田川伊田
33%
私鉄香川●○●○琴電琴平
33%
JR北海道●○●瀬戸瀬
32%
三セク東京●○・○○●○大塚・帝京大学
32%
私鉄愛知●○●○○名鉄名古屋
32%
JR福島○●○●会津柳津
31%
三セク高知○●●○土佐佐賀
30%
JR大分●○●○豊後豊岡
30%
私鉄大阪●○○○●○大阪教育大前
29%
私鉄東京○●○●○京王八王子
29%
JR鹿児島●○●○○大隅大川原
26%
三セク岡山○●○●吉備真備
26%
JR宮崎●○○●宮崎神宮
26%
私鉄広島●○○●○広電西広島
24%
私鉄愛知●○●○吉良吉田
24%
三セク新潟○●●○妙高高原
24%
JR島根●○●○三保三隅
24%
JR岩手○●●○陸中中野
23%
私鉄滋賀●○○○●京阪大津京
22%
JR山口●○●○長門長沢
21%
私鉄福井●○○○●○福大前西福井
20%
私鉄福島○○●○○●○美術館図書館前
20%
私鉄東京○○○○●○・●○○○○○○羽田空港第1・第2ターミナル
20%
私鉄京都○●○○●西山天王山
19%
私鉄富山○●(○●○)中町(西町北)
14%
私鉄千葉●○○●上総村上
13%
私鉄高知○●○●曙町東町
11%
私鉄東京●○○●学芸大学
10%
私鉄東京○●○○●世田谷代田
10%
私鉄青森○●○○●弘前東高前
9%
私鉄青森○●○○○●弘前学院大前
9%
私鉄熊本○○●○○●新水前寺駅前
7%
私鉄広島○○●●○○○廿日市市役所前
7%

Score Distribution

Percentile by Number Answered

Percent of People with Each Score

Your Score History

You have not taken this quiz